000 00400nam a2200181Ia 4500
003 0100
008 130227s9999 xx 000 0 und d
040 _cARRUPELIB
050 _aJC575.S45
100 _aSen, Amartya
245 _aInequality reexamined
260 _aNew York
260 _bRussell Sage Foundation
260 _C1992
300 _a207p.
300 _b 23 cm
942 _2lcc
_016
999 _c2707
_d2707